000 00493nam a2200181Ia 4500
005 20250326130409.0
008 250326s9999 xx 000 0 und d
037 _aTextbook
040 _aFMSL
_beng
_cFMSL
041 _aeng
_2eng
084 _aD65.8(B) L0
_qFMSL
100 _aMurphy J S
245 0 _aBases of digital computers
_cMurphy J S
260 _aLondon
_bLondon, D B Taraporewale
_c1970
300 _a855p
942 _cTB
_hD65.8(B) L0
999 _c1282312
_d1282312